Music Quiz

Random Music or Album Quiz
Score 0/7 Timer 02:00
0 Plays Today
Year (Type) Album % Correct
2003 (LP)Fever to Tell
87.1%
2009 (LP)It's Blitz!
84.9%
2001 (EP)Yeah Yeah Yeahs
77%
2006 (LP)Show Your Bones
76.3%
2007 (EP)Is Is
72.7%
2002 (EP)Machine
42.4%
2004 (DVD)Tell Me What Rockers to Swallow
25.9%
Remove Ads.
Support Sporcle.
Get the best of Sporcle when you Go Orange. This ad-free experience offers more features, more stats, and more fun while also helping to support Sporcle. Thank you for becoming a member.

You're not logged in!

Compare scores with friends on all Sporcle quizzes.
OR
Log In

Show Comments

Extras

Top Quizzes Today


Score Distribution

Your Account Isn't Verified!

In order to create a playlist on Sporcle, you need to verify the email address you used during registration. Go to your Sporcle Settings to finish the process.

Report this User

Report this user for behavior that violates our Community Guidelines.

Details: